000
00276nam a2200145Ia 4500
005
20260513122049.0
020
_a
9781633690707
100
_a
Berinato
365
_c
Rs.
365
_b
20.00
942
_c
BK
245
_a
Good Charts
260
_b
HBR
999
_c
20
_d
20